[Event "9. Lovsprings EMT Basis 4 1997"]
[Site "Ringsted"]
[Date "1997.04.11"]
[Round "4"]
[White "Skytt, Soren"]
[Black "Nielsen, Poul"]
[Result "0-1"]
[WhiteElo "1000"]
[BlackElo "1202"]
[PlyCount "42"]
[EventDate "1997.??.??"]

1. e4 c5 2. Bc4 e6 3. d3 d5 4. Bb5+ Bd7 5. Nc3 d4 6. Bxd7+ Nxd7 7. Nce2 Qa5+ 8.
Bd2 Qb6 9. b3 Bd6 10. Nf3 Ngf6 11. O-O Qc7 12. g3 h6 13. Qc1 Ne5 14. Nxe5 Bxe5
15. Bf4 Ng4 16. Bxe5 Nxe5 17. Qf4 f6 18. a4 Qf7 19. Rfe1 g5 20. Qd2 Nf3+ 21.
Kf1 Nxd2+ 0-1

[Event "9. Lovsprings EMT Basis 4 1997"]
[Site "Ringsted"]
[Date "1997.04.18"]
[Round "5"]
[White "Andersen, Jorgen"]
[Black "Abdi, Farhad"]
[Result "1-0"]
[WhiteElo "1171"]
[BlackElo "1060"]
[PlyCount "115"]
[EventDate "1997.??.??"]

1. d4 g6 2. Nf3 d6 3. e3 a6 4. Bd3 Nf6 5. Nbd2 Bg7 6. O-O O-O 7. Re1 Bd7 8. Nb3
c6 9. c4 Be6 10. e4 Nbd7 11. Bd2 Re8 12. Qc1 Bg4 13. Qd1 Nb6 14. Bc3 Rb8 15.
Nbd2 e5 16. h3 Bc8 17. dxe5 Nh5 18. exd6 Bxc3 19. bxc3 Qxd6 20. Bc2 Qf4 21. Rb1
Nd7 22. Nb3 Nb6 23. c5 Na4 24. Qd4 b5 25. cxb6 Nxb6 26. Nc5 Be6 27. Nxa6 Red8
28. Qc5 Nd7 29. Qa5 Ra8 30. Bb3 Nc5 31. Qxc5 Rxa6 32. Bxe6 fxe6 33. Qc4 Ra3 34.
Qxe6+ Kf8 35. Qxc6 Rxa2 36. Qc5+ Qd6 37. Qxd6+ Rxd6 38. Rb8+ Kf7 39. Ng5+ Kg7
40. Rb7+ Kg8 41. e5 Rdd2 42. Ne4 Re2 43. Rxe2 Rxe2 44. Rb4 Kf7 45. Rd4 Ke6 46.
Kf1 Rc2 47. Rd2 Rxd2 48. Nxd2 Kxe5 49. g3 Nf6 50. Ke2 Kd5 51. Kd3 g5 52. c4+
Ke5 53. Nf3+ Kf5 54. c5 h6 55. g4+ Ke6 56. Nd4+ Kd5 57. c6 Kc5 58. c7 1-0

[Event "9. Lovsprings EMT Basis 4 1997"]
[Site "Ringsted"]
[Date "1997.04.18"]
[Round "5"]
[White "Christensen, Knud"]
[Black "Astrup, Knud"]
[Result "1-0"]
[WhiteElo "1251"]
[BlackElo "1161"]
[PlyCount "119"]
[EventDate "1997.??.??"]

1. e4 e6 2. Nf3 d5 3. exd5 exd5 4. Be2 Nf6 5. d4 Bd6 6. Nc3 c6 7. Bg5 Nbd7 8.
Qd3 O-O 9. h4 h6 10. O-O-O Qc7 11. Be3 Re8 12. g3 Ne4 13. Rhg1 Ndf6 14. Nh2 Bf5
15. Nxe4 Bxe4 16. Qd2 Bh7 17. Ng4 Ne4 18. Qe1 Re6 19. Bd3 Rae8 20. f4 f5 21.
Ne5 Nf6 22. c4 Ng4 23. c5 Bxe5 24. fxe5 Nxe3 25. Qxe3 b6 26. b4 a5 27. a3 axb4
28. axb4 Ra8 29. Kb2 bxc5 30. dxc5 Rxe5 31. Qf4 Rae8 32. Kc3 Qf7 33. Kd2 Qf6
34. Rg2 g5 35. hxg5 hxg5 36. Qf2 R5e6 37. Kc2 Bg6 38. Rd2 Kg7 39. Rg1 Qf7 40.
Qd4+ Qf6 41. Qxf6+ Kxf6 42. Rf2 Re5 43. Rh1 Rb8 44. Rb1 Bh5 45. Rh2 Kg6 46.
Rbh1 Rh8 47. g4 Re7 48. Bxf5+ Kf6 49. Rxh5 Rg8 50. Rh6+ Kf7 51. Rh7+ Kf8 52.
Rxe7 Kxe7 53. Re1+ Kd8 54. Re6 Kc7 55. Rh6 Kb7 56. Rh7+ Kb8 57. Kb3 Rd8 58. Rg7
d4 59. Kc4 Ka8 60. Rxg5 1-0

[Event "9. Lovsprings EMT Basis 4 1997"]
[Site "Ringsted"]
[Date "1997.04.18"]
[Round "5"]
[White "Hansen, Arne Mandrup"]
[Black "Nielsen, Poul"]
[Result "1/2-1/2"]
[WhiteElo "1133"]
[BlackElo "1202"]
[PlyCount "89"]
[EventDate "1997.??.??"]

1. f4 d5 2. Nf3 Nc6 3. e3 a6 4. g3 Nf6 5. d3 Bg4 6. Bg2 e5 7. O-O Bd6 8. fxe5
Nxe5 9. Qe1 Nxf3+ 10. Bxf3 Bh3 11. Bg2 Bxg2 12. Kxg2 O-O 13. Bd2 Re8 14. Qf2
Qd7 15. Nc3 Qc6 16. Kg1 Re7 17. Rae1 Bc5 18. Bc1 Rd8 19. Nd1 Qa4 20. a3 Qg4 21.
Qg2 c6 22. Kh1 h6 23. Rf3 d4 24. Rf4 Qg5 25. h4 Qd5 26. e4 Qd7 27. Nf2 Bd6 28.
Rf3 Re5 29. g4 Nh7 30. Rg1 g5 31. hxg5 hxg5 32. Nh3 f6 33. Rgf1 Qg7 34. Qf2 c5
35. Ng1 Kf7 36. Rh3 Rh8 37. Nf3 Ree8 38. Kg2 Reg8 39. Rfh1 Nf8 40. Kf1 Rxh3 41.
Rxh3 Rh8 42. Qg2 Ng6 43. Qh1 Rxh3 44. Qxh3 Bf4 45. Bxf4 1/2-1/2

[Event "9. Lovsprings EMT Basis 4 1997"]
[Site "Ringsted"]
[Date "1997.04.18"]
[Round "5"]
[White "Jensen, Soren3"]
[Black "Rytter, Morten"]
[Result "1-0"]
[WhiteElo "1067"]
[BlackElo "1231"]
[PlyCount "147"]
[EventDate "1997.??.??"]

1. e4 e5 2. Nf3 Nf6 3. Nc3 Nc6 4. Bc4 d6 5. d3 Bg4 6. h3 Bh5 7. a3 Nd4 8. g4
Nxg4 9. Nxd4 Qh4 10. Qf3 Nf6 11. Qf5 Bg6 12. Qg5 Qxg5 13. Bxg5 exd4 14. Nb5 Kd7
15. Bxf6 gxf6 16. Nxd4 Re8 17. O-O-O Bh6+ 18. Kb1 Kc8 19. h4 Bh5 20. Rdf1 Kb8
21. Nf5 Bf4 22. f3 Bg6 23. Nd4 h5 24. Ne2 Bh6 25. f4 f5 26. Ng3 fxe4 27. f5 Bh7
28. dxe4 f6 29. Be6 Bg8 30. Bxg8 Rhxg8 31. Nxh5 Bg7 32. Re1 Re7 33. Nxg7 Rgxg7
34. Reg1 Rxg1+ 35. Rxg1 c6 36. Rg4 Kc8 37. h5 Rh7 38. Rg6 Kd7 39. h6 Ke7 40.
Kc1 d5 41. exd5 cxd5 42. Kd2 Kd6 43. Rxf6+ Ke5 44. Rg6 Kxf5 45. Rg7 Rxh6 46.
Rxb7 a6 47. b3 Ke5 48. Kd3 Rc6 49. Rh7 Rc5 50. Rh5+ Kf4 51. c3 a5 52. a4 Kg4
53. Rh7 Kf5 54. Kd4 Rc6 55. Rh5+ Ke6 56. Rh6+ Kd7 57. Rh5 Ke6 58. Re5+ Kd7 59.
Rxd5+ Kc7 60. Rxa5 Rb6 61. b4 Rd6+ 62. Rd5 Rxd5+ 63. Kxd5 Kb6 64. c4 Ka6 65. c5
Kb7 66. Kd6 Kc8 67. Kc6 Kb8 68. Kd7 Kb7 69. c6+ Kb6 70. a5+ Ka6 71. c7 Ka7 72.
a6 Kxa6 73. c8=Q+ Kb5 74. Kd6 1-0

[Event "9. Lovsprings EMT Basis 4 1997"]
[Site "Ringsted"]
[Date "1997.04.18"]
[Round "5"]
[White "Nikolajsen, Martin"]
[Black "Nielsen, Jan"]
[Result "1/2-1/2"]
[WhiteElo "1268"]
[BlackElo "1262"]
[PlyCount "105"]
[EventDate "1997.??.??"]

1. e4 c6 2. Nc3 d5 3. exd5 cxd5 4. d4 Nc6 5. Nf3 Bg4 6. Bb5 e6 7. h3 Bxf3 8.
Qxf3 a6 9. Bxc6+ bxc6 10. O-O Nf6 11. Qe2 Bd6 12. Bg5 h6 13. Bh4 Be7 14. f4 Qb6
15. Qd3 Ng8 16. Bxe7 Nxe7 17. Na4 Qb5 18. Qb3 Nf5 19. c3 Ng3 20. Rf3 Ne4 21.
Qxb5 axb5 22. Nc5 Nxc5 23. dxc5 O-O 24. Rd3 Rfe8 25. b3 f6 26. Rdd1 e5 27. f5
e4 28. Kf2 Re5 29. g4 Kf7 30. Ke3 g6 31. fxg6+ Kxg6 32. Rf1 Rd8 33. Rfd1 f5 34.
Rg1 Kf6 35. Raf1 b4 36. cxb4 d4+ 37. Kf4 e3 38. gxf5 Rxf5+ 39. Ke4 Rxf1 40.
Rxf1+ Kg5 41. Kd3 Kh4 42. Rf3 Re8 43. Rf1 Kxh3 44. a4 Kg2 45. Re1 h5 46. b5
cxb5 47. axb5 h4 48. c6 h3 49. c7 h2 50. b6 h1=Q 51. Rxh1 Kxh1 52. b7 e2 53.
c8=Q 1/2-1/2

[Event "9. Lovsprings EMT Basis 4 1997"]
[Site "Ringsted"]
[Date "1997.04.18"]
[Round "5"]
[White "Petersen, Gregers"]
[Black "Orup, Kim Amdi"]
[Result "0-1"]
[WhiteElo "1205"]
[BlackElo "1223"]
[PlyCount "118"]
[EventDate "1997.??.??"]

1. d4 Nf6 2. Nf3 d5 3. c4 e6 4. c5 b6 5. b4 Be7 6. Ne5 Bd7 7. Nc3 Nc6 8. Nxc6
Bxc6 9. a4 a6 10. Bf4 Ne4 11. Nxe4 dxe4 12. e3 Bd5 13. Qc2 c6 14. Be2 O-O 15.
O-O b5 16. a5 Bg5 17. Bd6 Re8 18. Qc3 f5 19. f3 Qf6 20. Be5 Qh6 21. f4 Bf6 22.
Bd6 Kf7 23. Qe1 g5 24. Qd1 g4 25. Kh1 Rg8 26. Rg1 Ke8 27. g3 Rg6 28. Bf1 Qh5
29. Rb1 Rh6 30. Rb2 Kd7 31. Rgg2 Rg8 32. Kg1 Qf7 33. Kf2 Rh5 34. Rg1 Rg6 35.
Rh1 Rgh6 36. Ke1 Qe8 37. Rf2 Qc8 38. Kd2 Qb7 39. Kc3 Be7 40. Be5 Rg6 41. Bg2
Bd8 42. h3 Rhh6 43. hxg4 Rxh1 44. Qxh1 Rxg4 45. Qxh7+ Kc8 46. Qh2 Qf7 47. Bh3
Rg6 48. Qg1 Bf6 49. Bd6 Qg7 50. Rg2 Rh6 51. Qh2 Qh8 52. Qg1 Rxh3 53. g4 Bxd4+
54. Kc2 Bxe3 55. Qd1 Bxf4 56. Qe1 Bb3+ 57. Kb1 Rh1 58. Rg1 Qh2 59. Bxf4 Qc2+
0-1

[Event "9. Lovsprings EMT Basis 4 1997"]
[Site "Ringsted"]
[Date "1997.05.02"]
[Round "6"]
[White "Abdi, Farhad"]
[Black "Hansen, Arne Mandrup"]
[Result "0-1"]
[WhiteElo "1060"]
[BlackElo "1133"]
[PlyCount "48"]
[EventDate "1997.??.??"]

1. e4 d5 2. exd5 Qxd5 3. Nf3 e5 4. c4 Qa5 5. Nc3 c6 6. d4 f6 7. Bd3 Bg4 8. O-O
Nd7 9. Be4 O-O-O 10. Qd3 g6 11. Re1 f5 12. Ng5 fxe4 13. Rxe4 Bf5 14. Nf7 Bxe4
15. Qxe4 Ngf6 16. Qh4 Be7 17. Nxh8 Rxh8 18. Bg5 Qd8 19. Rd1 e4 20. Nxe4 Re8 21.
Nxf6 Bxf6 22. Bxf6 Nxf6 23. Kf1 Qe7 24. f3 Qe2+ 0-1

[Event "9. Lovsprings EMT Basis 4 1997"]
[Site "Ringsted"]
[Date "1997.05.02"]
[Round "6"]
[White "Andersen, Jorgen"]
[Black "Skytt, Soren"]
[Result "1-0"]
[WhiteElo "1171"]
[BlackElo "1000"]
[PlyCount "33"]
[EventDate "1997.??.??"]

1. e4 e5 2. Nf3 Nc6 3. Bc4 Nf6 4. d3 Bc5 5. O-O d6 6. Be3 Bxe3 7. fxe3 Be6 8.
Nbd2 Qd7 9. c3 Bxc4 10. Nxc4 O-O-O 11. Qc2 Ne7 12. d4 exd4 13. exd4 Ng6 14.
Rad1 Nf4 15. Ne3 Qb5 16. c4 Qg5 17. Nxg5 1-0

[Event "9. Lovsprings EMT Basis 4 1997"]
[Site "Ringsted"]
[Date "1997.05.02"]
[Round "6"]
[White "Astrup, Knud"]
[Black "Nielsen, Poul"]
[Result "0-1"]
[WhiteElo "1161"]
[BlackElo "1202"]
[PlyCount "76"]
[EventDate "1997.??.??"]

1. f4 d5 2. Nf3 Nc6 3. e3 a6 4. b3 e6 5. Bb2 f6 6. Be2 Bd6 7. O-O Qe7 8. c4
dxc4 9. Bxc4 b5 10. Be2 Bb7 11. Nc3 O-O-O 12. Rf2 Nh6 13. Ne1 Bc5 14. Nc2 Nf5
15. Qc1 Nb4 16. Bf1 Nd3 17. Bxd3 Rxd3 18. Qf1 Rhd8 19. Rd1 R8d7 20. Re2 Qd8 21.
Qe1 Qe7 22. a3 Bd5 23. Nxd5 exd5 24. b4 Bb6 25. Kh1 Rb3 26. Ba1 a5 27. Rb1 Rxb1
28. Qxb1 a4 29. Bb2 Qe4 30. Qd1 Nd6 31. d3 Qf5 32. Bd4 Kb7 33. Bxb6 Kxb6 34.
Nd4 Qg4 35. Qc2 Ka7 36. Qc5+ Ka8 37. Rd2 Nb7 38. Nc6 Nxc5 0-1

[Event "9. Lovsprings EMT Basis 4 1997"]
[Site "Ringsted"]
[Date "1997.05.02"]
[Round "6"]
[White "Christensen, Knud"]
[Black "Nikolajsen, Martin"]
[Result "0-1"]
[WhiteElo "1251"]
[BlackElo "1268"]
[PlyCount "72"]
[EventDate "1997.??.??"]

1. Nf3 Nc6 2. e4 e5 3. Bc4 Bc5 4. O-O d6 5. d3 Bg4 6. Bd5 Nge7 7. Bxf7+ Kd7 8.
c3 Rf8 9. Bc4 Ng6 10. h3 Bxf3 11. gxf3 Nf4 12. Kh2 Qh4 13. Bxf4 Rxf4 14. Rg1
Qxf2+ 15. Rg2 Qh4 16. Rxg7+ Ke8 17. Qf1 Qh6 18. Qg2 Ne7 19. Na3 c6 20. Rg1
Bxg1+ 21. Kxg1 Kd7 22. Rg3 Rf6 23. Rg5 Rg6 24. Qg4+ Kc7 25. h4 Rf8 26. Kg2 Rf4
27. Rxg6 Qxg6 28. Qxg6 Nxg6 29. b4 Nxh4+ 30. Kg3 Nxf3 31. d4 Ng5 32. dxe5 dxe5
33. b5 h5 34. Nc2 Nxe4+ 35. Kh3 Nxc3 36. bxc6 Rxc4 0-1

[Event "9. Lovsprings EMT Basis 4 1997"]
[Site "Ringsted"]
[Date "1997.05.02"]
[Round "6"]
[White "Handreck, Helle"]
[Black "Petersen, Gregers"]
[Result "1-0"]
[WhiteElo "1107"]
[BlackElo "1205"]
[PlyCount "75"]
[EventDate "1997.??.??"]

1. d4 d5 2. Bg5 Bf5 3. e3 c6 4. Bd3 Bxd3 5. Qxd3 g6 6. Nf3 Bg7 7. c3 Nd7 8.
Nbd2 Ngf6 9. c4 e6 10. Ne5 Qb6 11. Nxd7 Nxd7 12. b3 O-O 13. O-O f6 14. Bf4 Rae8
15. c5 Qd8 16. Bd6 Rf7 17. Nf3 e5 18. dxe5 fxe5 19. e4 dxe4 20. Qxe4 Nf6 21.
Qc4 Nd5 22. Rae1 Rf4 23. Qc1 Rf5 24. Re4 Nf4 25. Rd1 Nd5 26. Rde1 Kh8 27. Nxe5
Qf6 28. Nxg6+ hxg6 29. Rxe8+ Kh7 30. Bg3 Qd4 31. R8e4 Qf6 32. Qc4 g5 33. Qd3
Kh6 34. Re6 Qxe6 35. Rxe6+ Rf6 36. Rxf6+ Bxf6 37. Qf5 Kg7 38. Bd6 1-0

[Event "9. Lovsprings EMT Basis 4 1997"]
[Site "Ringsted"]
[Date "1997.05.02"]
[Round "6"]
[White "Nielsen, Jan"]
[Black "Jensen, Soren3"]
[Result "1-0"]
[WhiteElo "1262"]
[BlackElo "1067"]
[PlyCount "101"]
[EventDate "1997.??.??"]

1. d4 d5 2. c4 c6 3. Nc3 Nf6 4. Bg5 e6 5. cxd5 exd5 6. Nf3 h6 7. Bh4 g5 8. Bg3
Bb4 9. Bxb8 Rxb8 10. a3 Bxc3+ 11. bxc3 Ne4 12. Qb3 Be6 13. e3 Qf6 14. Qc2 Bf5
15. Bd3 Nd6 16. Bxf5 Qxf5 17. Qxf5 Nxf5 18. Rb1 Nd6 19. Ne5 f6 20. Nxc6 Rc8 21.
Nxa7 Rxc3 22. Ra1 O-O 23. a4 Rb3 24. Nb5 Nxb5 25. axb5 Rxb5 26. O-O Rc8 27.
Rfb1 Rxb1+ 28. Rxb1 Rc7 29. g3 f5 30. Kg2 Kg7 31. h3 h5 32. Rb6 Rd7 33. Kf3 Kh7
34. g4 fxg4+ 35. hxg4 Rf7+ 36. Kg3 h4+ 37. Kg2 Rd7 38. f4 gxf4 39. exf4 Rf7 40.
f5 Rc7 41. Kh3 Rc4 42. Kxh4 Rxd4 43. Rxb7+ Kg8 44. Kg5 Re4 45. f6 Kf8 46. Kf5
Re2 47. g5 Rg2 48. Kg6 Ke8 49. f7+ Kf8 50. Rb8+ Ke7 51. f8=Q+ 1-0

[Event "9. Lovsprings EMT Basis 4 1997"]
[Site "Ringsted"]
[Date "1997.05.02"]
[Round "6"]
[White "Orup, Kim Amdi"]
[Black "Rytter, Morten"]
[Result "1-0"]
[WhiteElo "1223"]
[BlackElo "1231"]
[PlyCount "97"]
[EventDate "1997.??.??"]

1. e4 e5 2. Nf3 Nc6 3. Bc4 Nf6 4. Ng5 d5 5. Bxd5 Nxd5 6. exd5 Qxg5 7. dxc6 Qxg2
8. Rf1 Qxc6 9. d3 Be7 10. Nc3 Be6 11. Be3 Bc5 12. Ne4 Bxe3 13. fxe3 f6 14. Qh5+
Bf7 15. Qg4 Rg8 16. Nc3 Qb6 17. Kd2 Be6 18. Qa4+ Bd7 19. Qa3 O-O-O 20. Nd5 Qe6
21. Ne7+ Kb8 22. Nxg8 Rxg8 23. Qb4 Qh3 24. Rf2 f5 25. Qe7 f4 26. Qxe5 fxe3+ 27.
Qxe3 Qh5 28. Qe7 Qh6+ 29. Qe3 Qh4 30. c3 Re8 31. Qf4 Qe7 32. Rg1 a6 33. Qd4 c5
34. Qe4 Qxe4 35. dxe4 g6 36. Rf7 Rd8 37. Ke3 Bc6 38. Rxh7 Re8 39. Rh4 Re6 40.
Rg5 b6 41. e5 Kc7 42. Rh7+ Bd7 43. Rf7 Kd8 44. Rf6 Ke7 45. Rxe6+ Bxe6 46. Rxg6
Bxa2 47. Rxb6 a5 48. Kf4 Be6 49. Rb5 1-0

[Event "9. Lovsprings EMT Basis 4 1997"]
[Site "Ringsted"]
[Date "1997.05.16"]
[Round "7"]
[White "Abdi, Farhad"]
[Black "Astrup, Knud"]
[Result "0-1"]
[WhiteElo "1060"]
[BlackElo "1161"]
[PlyCount "84"]
[EventDate "1997.??.??"]

1. c4 e6 2. d4 d5 3. cxd5 exd5 4. Nc3 c6 5. e4 dxe4 6. Nxe4 Nd7 7. Be3 Ngf6 8.
f3 Bb4+ 9. Nc3 O-O 10. Bd3 Re8 11. Qd2 Nd5 12. Be4 Nxe3 13. Qxe3 Nf6 14. a3 Ba5
15. Kf2 Bxc3 16. bxc3 Nxe4+ 17. fxe4 Qh4+ 18. g3 Qxe4 19. Qxe4 Rxe4 20. Nf3 Bg4
21. Rhe1 Rae8 22. Rxe4 Rxe4 23. Re1 Bxf3 24. Rxe4 Bxe4 25. Ke3 f5 26. Kf4 Kf7
27. Ke5 Ke7 28. c4 b6 29. g4 g6 30. d5 cxd5 31. cxd5 Kd7 32. gxf5 gxf5 33. d6
Bc2 34. h3 a5 35. h4 h5 36. Kf4 Kxd6 37. Kg5 Ke5 38. Kxh5 f4 39. Kg4 Ke4 40.
Kg5 Ke3 41. h5 f3 42. h6 f2 0-1

[Event "9. Lovsprings EMT Basis 4 1997"]
[Site "Ringsted"]
[Date "1997.05.16"]
[Round "7"]
[White "Christensen, Knud"]
[Black "Andersen, Jorgen"]
[Result "1-0"]
[WhiteElo "1251"]
[BlackElo "1171"]
[PlyCount "102"]
[EventDate "1997.??.??"]

1. Nf3 d5 2. d4 Nc6 3. Bf4 e6 4. c3 Be7 5. e3 a6 6. Bd3 Nf6 7. O-O O-O 8. Nbd2
Bd6 9. Ne5 Bxe5 10. Bxe5 Nxe5 11. dxe5 Nd7 12. f4 f6 13. Nf3 b5 14. exf6 gxf6
15. Nd4 Nc5 16. Qg4+ Kh8 17. Bc2 f5 18. Qh5 Bd7 19. g4 Rg8 20. g5 Be8 21. Qh3
Qf6 22. b4 Nb7 23. Kh1 Qe7 24. Nf3 Bg6 25. Ne5 Qe8 26. Rg1 Rc8 27. Bd1 c5 28.
Nxg6+ Qxg6 29. Bh5 Qg7 30. g6 h6 31. a4 Nd6 32. axb5 axb5 33. Ra6 Ne4 34. Rg2
Rce8 35. Rga2 Ra8 36. Rxa8 Qxc3 37. Rxg8+ Kxg8 38. Qh4 Nf6 39. Ra8+ Kg7 40.
Ra7+ Kg8 41. Rf7 Qc1+ 42. Kg2 Qc2+ 43. Kh3 Qc3 44. Rxf6 Qxe3+ 45. Qg3 Qd4 46.
Rxe6 cxb4 47. Qe3 Qe4 48. Rxe4 dxe4 49. Qc5 b3 50. Qd5+ Kg7 51. Qf7+ Kh8 1-0

[Event "9. Lovsprings EMT Basis 4 1997"]
[Site "Ringsted"]
[Date "1997.05.16"]
[Round "7"]
[White "Hansen, Arne Mandrup"]
[Black "Handreck, Helle"]
[Result "1-0"]
[WhiteElo "1133"]
[BlackElo "1107"]
[PlyCount "85"]
[EventDate "1997.??.??"]

1. e4 d5 2. exd5 Qxd5 3. Nc3 Qd8 4. Nf3 Bf5 5. Bc4 e6 6. d4 c6 7. Be3 Be7 8.
Qe2 Nf6 9. O-O-O Nbd7 10. Ne5 Qa5 11. Nxd7 Nxd7 12. g4 Bg6 13. f4 h6 14. Rhf1
Nb6 15. Bb3 Nc8 16. f5 exf5 17. gxf5 Bxf5 18. Bd2 g6 19. Na4 Qd8 20. Bb4 O-O
21. Bd2 Re8 22. Qg2 Bg5 23. h4 Bxd2+ 24. Rxd2 Nd6 25. h5 Kh7 26. hxg6+ fxg6 27.
Nc3 Qd7 28. Qh1 Re7 29. Nd1 Ne4 30. Rh2 h5 31. Rxh5+ Kg7 32. Rh7+ Kf6 33. Qh4+
Ng5 34. Rxe7 Qxe7 35. Rg1 Kg7 36. Rxg5 Qe8 37. Qf4 Qd7 38. Ne3 Rf8 39. Qe5+ Kh6
40. Rg1 Re8 41. Nxf5+ Qxf5 42. Qxe8 Qf4+ 43. Kb1 1-0

[Event "9. Lovsprings EMT Basis 4 1997"]
[Site "Ringsted"]
[Date "1997.05.16"]
[Round "7"]
[White "Jensen, Soren3"]
[Black "Orup, Kim Amdi"]
[Result "1/2-1/2"]
[WhiteElo "1067"]
[BlackElo "1223"]
[PlyCount "107"]
[EventDate "1997.??.??"]

1. e4 c5 2. Bc4 Nc6 3. d3 Nf6 4. b3 e6 5. Bb2 d5 6. exd5 Nxd5 7. Qf3 Nd4 8.
Bxd4 cxd4 9. Bxd5 Qxd5 10. Qxd5 exd5 11. Ne2 Bb4+ 12. Nd2 O-O 13. O-O-O Bc3 14.
Nf3 Bg4 15. Nfg1 a5 16. f3 Be6 17. Nxc3 dxc3 18. Ne2 Rfc8 19. Nf4 d4 20. Nxe6
fxe6 21. Rhe1 Re8 22. Re4 Rad8 23. Rde1 Kf7 24. Re5 b6 25. Rb5 Rd6 26. a4 Kf6
27. Ree5 Red8 28. g4 h6 29. h4 Rd5 30. Rbxd5 Rxd5 31. Re4 e5 32. Kd1 g5 33.
hxg5+ hxg5 34. Re1 Rd8 35. Rh1 Kg6 36. Rh5 Rf8 37. Ke2 Rf7 38. Rh8 Kg7 39. Re8
Kf6 40. Rh8 Kg7 41. Rh5 Kg6 42. Rh8 Rh7 43. Rxh7 Kxh7 44. Kd1 Kg6 45. Kc1 Kf6
46. Kb1 Ke6 47. Ka2 Kd6 48. Ka3 Kc5 49. Ka2 Kb4 50. Ka1 b5 51. axb5 Kxb5 52.
Ka2 Kb4 53. Ka1 Ka3 54. Kb1 1/2-1/2

[Event "9. Lovsprings EMT Basis 4 1997"]
[Site "Ringsted"]
[Date "1997.05.16"]
[Round "7"]
[White "Nielsen, Poul"]
[Black "Nikolajsen, Martin"]
[Result "0-1"]
[WhiteElo "1202"]
[BlackElo "1268"]
[PlyCount "86"]
[EventDate "1997.??.??"]

1. d4 d5 2. Bf4 Bf5 3. e3 e6 4. Nf3 Nf6 5. Bd3 Ne4 6. Nbd2 Nxd2 7. Qxd2 Bg6 8.
Bxg6 hxg6 9. Qc3 Nc6 10. a3 Bd6 11. Be5 f6 12. Bxd6 Qxd6 13. O-O-O g5 14. Qd3
Kf7 15. h3 Na5 16. Nd2 Rab8 17. e4 Nc6 18. Nf3 Qf4+ 19. Qe3 dxe4 20. Qxf4 gxf4
21. Ne1 Rbd8 22. c3 e5 23. d5 Ne7 24. c4 Rd6 25. Kc2 Rhd8 26. f3 e3 27. Nd3 c6
28. Nc5 Rb8 29. Ne4 Rdd8 30. d6 Nf5 31. d7 Nd4+ 32. Kb1 Rxd7 33. Rd3 b6 34. Rc1
c5 35. b4 cxb4 36. axb4 Rc8 37. c5 bxc5 38. bxc5 e2 39. Nd6+ Rxd6 40. Rdc3 Rb8+
41. Ka2 Ra6+ 42. Ra3 Rxa3+ 43. Kxa3 e1=Q 0-1

[Event "9. Lovsprings EMT Basis 4 1997"]
[Site "Ringsted"]
[Date "1997.05.16"]
[Round "7"]
[White "Rytter, Morten"]
[Black "Nielsen, Jan"]
[Result "0-1"]
[WhiteElo "1231"]
[BlackElo "1262"]
[PlyCount "140"]
[EventDate "1997.??.??"]

1. c4 e5 2. Nc3 Nf6 3. g3 Bc5 4. Bg2 Nc6 5. e3 d6 6. Nge2 Bf5 7. O-O Nb4 8. d4
exd4 9. exd4 Nc2 10. dxc5 Nxa1 11. Nd4 Bg6 12. Re1+ Kf8 13. cxd6 Qxd6 14. Be3
Nc2 15. Nxc2 Qxd1 16. Rxd1 Bxc2 17. Rc1 Bf5 18. b3 c6 19. Bc5+ Kg8 20. Re1 Re8
21. Rxe8+ Nxe8 22. Bxa7 h6 23. Na4 Kh7 24. Nc5 Nd6 25. Bb6 Nc8 26. Bc7 b6 27.
Na4 b5 28. cxb5 cxb5 29. Nc3 Re8 30. Nxb5 Re1+ 31. Bf1 Bd3 32. Nd6 Nxd6 33.
Bxd6 Bxf1 34. f4 Bd3+ 35. Kf2 Ra1 36. a4 Rb1 37. b4 Rb3 38. h4 f5 39. h5 Kg8
40. a5 Kf7 41. Kf3 Be4+ 42. Kf2 Ke6 43. Bc5 Kd7 44. Bf8 Rf3+ 45. Ke2 Rxg3 46.
Bc5 Rh3 47. Kd2 Rxh5 48. Kc3 Rh3+ 49. Kc4 Bd3+ 50. Kd5 Bb5 51. Bb6 Rc3 52. Bc5
h5 53. Kd4 Rc4+ 54. Ke3 h4 55. Kf3 Rc3+ 56. Kg2 h3+ 57. Kh2 Bf1 58. Bg1 Rb3 59.
a6 Bxa6 60. Kh1 Rb2 61. Bh2 Rb1+ 62. Bg1 Rxb4 63. Bh2 Bb7+ 64. Kg1 Rb1+ 65. Kf2
Rb2+ 66. Kg3 Rb3+ 67. Kf2 Ke6 68. Kg1 Rb2 69. Kf1 Rxh2 70. Kg1 Rg2+ 0-1